<?xml version="1.0" encoding="UTF-8"?>
<record
    xmlns:xsi="http://www.w3.org/2001/XMLSchema-instance"
    xsi:schemaLocation="http://www.loc.gov/MARC21/slim http://www.loc.gov/standards/marcxml/schema/MARC21slim.xsd"
    xmlns="http://www.loc.gov/MARC21/slim">

  <leader>02009nam a22004577a 4500</leader>
  <controlfield tag="005">20191224041936.0</controlfield>
  <controlfield tag="008">140522b2008    ag ||||| |||| 00| 0 spa d</controlfield>
  <datafield tag="041" ind1=" " ind2=" ">
    <subfield code="a">spa</subfield>
  </datafield>
  <datafield tag="044" ind1=" " ind2=" ">
    <subfield code="a">ag</subfield>
  </datafield>
  <datafield tag="082" ind1="0" ind2="4">
    <subfield code="a">635.951</subfield>
    <subfield code="b">B74</subfield>
  </datafield>
  <datafield tag="245" ind1="0" ind2="0">
    <subfield code="a">Bosques modelo para Iberoam&#xE9;rica : </subfield>
    <subfield code="b">Alianzas para el futuro</subfield>
  </datafield>
  <datafield tag="260" ind1=" " ind2=" ">
    <subfield code="a">Costa Rica</subfield>
    <subfield code="b">Red Iberoamericana de Bosques Modelo.  Oficina Regional CATIE</subfield>
    <subfield code="c">2008</subfield>
  </datafield>
  <datafield tag="300" ind1=" " ind2=" ">
    <subfield code="a">119 p.</subfield>
    <subfield code="c">21 x 27 cm.</subfield>
  </datafield>
  <datafield tag="505" ind1=" " ind2=" ">
    <subfield code="a">Argentina (p. 9)
Programa Nacional de Bosques Modelo de Argentina
Bosque modelo Jujuy
Bosque modelo Formose&#xF1;o
Bosque modelo Norte de Neuqu&#xE9;n
Bosque modelo San Pedro
Bosque modelo Futaleuf&#xFA;
</subfield>
  </datafield>
  <datafield tag="505" ind1=" " ind2=" ">
    <subfield code="a">Bolivia (p. 35)
Bosque modelo Chiquitano</subfield>
  </datafield>
  <datafield tag="505" ind1=" " ind2=" ">
    <subfield code="a">Brasil (p. 41)
Bosque modelo Mata Atl&#xE1;ntica
Bosque modelo Pandeiros</subfield>
  </datafield>
  <datafield tag="505" ind1=" " ind2=" ">
    <subfield code="a">Chile (p. 51)
Bosque modelo Araucarias del Alto Malleco
Bosque modelo Chilo&#xE9;
Bosque modelo Cachapoal
Bosque modelo Panguipulli</subfield>
  </datafield>
  <datafield tag="505" ind1=" " ind2=" ">
    <subfield code="a">Costa Rica (69)
Bosque modelo Reventaz&#xF3;n</subfield>
  </datafield>
  <datafield tag="505" ind1=" " ind2=" ">
    <subfield code="a">Cuba (p. 77)
Bosque modelo Sabanas de Manacas
</subfield>
  </datafield>
  <datafield tag="505" ind1=" " ind2=" ">
    <subfield code="a">Espa&#xF1;a (p. 85)
Bosque modelo Urbi&#xF3;n</subfield>
  </datafield>
  <datafield tag="505" ind1=" " ind2=" ">
    <subfield code="a">Guatemala (p. 89)
Bosque modelo Lachu&#xE1;</subfield>
  </datafield>
  <datafield tag="505" ind1=" " ind2=" ">
    <subfield code="a">Honduras (p. 95)
Bosque modelo Atl&#xE1;ntida
Bosque modelo Yoro</subfield>
  </datafield>
  <datafield tag="505" ind1=" " ind2=" ">
    <subfield code="a">Puerto Rico (p.105)
Bosque modelo en las Tierras Adjuntas</subfield>
  </datafield>
  <datafield tag="505" ind1=" " ind2=" ">
    <subfield code="a">Rep&#xFA;blica Dominicana (p.111)
Bosque modelo Sabana Yegua
Bosque modelo Yaque del Norte</subfield>
  </datafield>
  <datafield tag="650" ind1=" " ind2="6">
    <subfield code="a">Arboles urbanos</subfield>
    <subfield code="z">Iberoamerica</subfield>
    <subfield code="9">24239</subfield>
  </datafield>
  <datafield tag="650" ind1=" " ind2="6">
    <subfield code="a">Flora urbana</subfield>
    <subfield code="z">Iberoamerica</subfield>
    <subfield code="9">24240</subfield>
  </datafield>
  <datafield tag="650" ind1=" " ind2="6">
    <subfield code="a">Plantas ornamentales</subfield>
    <subfield code="x">cultivo</subfield>
    <subfield code="z">Iberoamerica</subfield>
    <subfield code="9">24241</subfield>
  </datafield>
  <datafield tag="650" ind1=" " ind2="6">
    <subfield code="a">Silvicultura urbana</subfield>
    <subfield code="z">Iberoamerica</subfield>
    <subfield code="9">24242</subfield>
  </datafield>
  <datafield tag="651" ind1=" " ind2="6">
    <subfield code="a">Argentina</subfield>
    <subfield code="9">24243</subfield>
  </datafield>
  <datafield tag="651" ind1=" " ind2="6">
    <subfield code="a">Bolivia</subfield>
    <subfield code="9">24244</subfield>
  </datafield>
  <datafield tag="651" ind1=" " ind2="6">
    <subfield code="a">Brasil</subfield>
    <subfield code="9">24245</subfield>
  </datafield>
  <datafield tag="651" ind1=" " ind2="6">
    <subfield code="a">Chile</subfield>
    <subfield code="9">1439</subfield>
  </datafield>
  <datafield tag="651" ind1=" " ind2="6">
    <subfield code="a">Costa Rica</subfield>
    <subfield code="9">24247</subfield>
  </datafield>
  <datafield tag="651" ind1=" " ind2="6">
    <subfield code="a">Cuba</subfield>
    <subfield code="9">24248</subfield>
  </datafield>
  <datafield tag="651" ind1=" " ind2="6">
    <subfield code="a">Espa&#xF1;a</subfield>
    <subfield code="9">24249</subfield>
  </datafield>
  <datafield tag="651" ind1=" " ind2="6">
    <subfield code="a">Guatemala</subfield>
    <subfield code="9">24250</subfield>
  </datafield>
  <datafield tag="651" ind1=" " ind2="6">
    <subfield code="a">Honduras</subfield>
    <subfield code="9">24251</subfield>
  </datafield>
  <datafield tag="651" ind1=" " ind2="6">
    <subfield code="a">Puerto Rico</subfield>
    <subfield code="9">24252</subfield>
  </datafield>
  <datafield tag="651" ind1=" " ind2="6">
    <subfield code="a">Rep&#xFA;blica Dominicana</subfield>
    <subfield code="9">24253</subfield>
  </datafield>
  <datafield tag="942" ind1=" " ind2=" ">
    <subfield code="2">ddc</subfield>
    <subfield code="c">Impreso</subfield>
  </datafield>
  <datafield tag="999" ind1=" " ind2=" ">
    <subfield code="c">8450</subfield>
    <subfield code="d">8450</subfield>
  </datafield>
  <datafield tag="952" ind1=" " ind2=" ">
    <subfield code="0">0</subfield>
    <subfield code="1">0</subfield>
    <subfield code="2">ddc</subfield>
    <subfield code="4">0</subfield>
    <subfield code="7">0</subfield>
    <subfield code="8">GENERAL</subfield>
    <subfield code="I">INV2017</subfield>
    <subfield code="a">Bogota</subfield>
    <subfield code="b">Bogota</subfield>
    <subfield code="d">2014-05-22</subfield>
    <subfield code="e">Instituto</subfield>
    <subfield code="g">39000.00</subfield>
    <subfield code="l">0</subfield>
    <subfield code="o">LB-635.951 B74</subfield>
    <subfield code="p">034353</subfield>
    <subfield code="r">2014-05-22 00:00:00</subfield>
    <subfield code="t">Ej. 1</subfield>
    <subfield code="w">2014-05-22</subfield>
    <subfield code="x">Donaci&#xF3;n</subfield>
    <subfield code="y">LIBRO</subfield>
  </datafield>
</record>
